000 00736nam a2200289Ia 4500
005 20260324145309.0
008 008 260324s9999 xx 000 0 eng d
020 _a9780203181218
037 _aEBOOK
040 _aCRL
040 _beng
040 _cCRL
041 _2eng
041 _aeng
084 _qCRL
100 _aJohn Gray; Andrew McPherson; David Raffe
_91222472
245 0 _aReconstructions of Secondary Education
245 0 _bTheory, Myth and Practice Since the Second World War
260 _bTaylor and Francis
260 _c1983
365 _a
365 _b290
856 _uhttp://www.taylorfrancis.com/books/9780203181218
942 _cEBOOK
999 _c1830170
_d1830170